[Event "CAN-op U1800"]
[Site "Regina CAN"]
[Date "2019.07.18"]
[Round "9.49"]
[White "Gao, Sean"]
[Black "Myrzaibraimova, Alia"]
[Result "0-1"]
[WhiteElo "807"]
[BlackElo "1208"]
[PlyCount "144"]
[EventDate "2019.07.12"]
[EventType "swiss"]
[EventRounds "9"]
[EventCountry "CAN"]

1. e4 e6 2. d4 d5 3. e5 c5 4. c3 Qb6 5. Be3 Qxb2 6. Nd2 Qxc3 7. Ngf3 Nc6 8. Bb5
Nge7 9. O-O Nf5 10. Qa4 Bd7 11. Rfc1 Qa5 12. Qxa5 Nxa5 13. Bxd7+ Kxd7 14. dxc5
Rc8 15. Nb3 Nc4 16. c6+ Rxc6 17. Bxa7 b6 18. Bb8 Ba3 19. Rcb1 Bb2 20. Rxb2 Nxb2
21. Bd6 Nxd6 22. exd6 Kxd6 23. Ng5 Ke7 24. Rb1 Rhc8 25. h3 h6 26. Nf3 Rc2 27.
Nfd4 R2c4 28. Rxb2 g5 29. g4 Kf6 30. Kg2 Rc3 31. Re2 Rd3 32. Nb5 e5 33. Kh2 e4
34. Kg2 Ke5 35. Re3 Kf4 36. Rxd3 exd3 37. Kf1 Rc2 38. Ke1 Rxa2 39. Nc3 Ra3 40.
Nxd5+ Ke4 41. Nc3+ Ke5 42. Kd2 Rxb3 43. Kxd3 Kd6 44. Kc2 Rb4 45. Kd3 Kc5 46.
Ne4+ Kc6 47. Nc3 b5 48. Kc2 Rc4 49. Kb3 Kc5 50. f3 f6 51. Ne4+ Rxe4 52. fxe4
Kd4 53. Kb4 Kxe4 54. Kxb5 Kf4 55. Kc5 Kg3 56. Kd6 Kxh3 57. Ke6 Kxg4 58. Kxf6 h5
59. Ke5 h4 60. Ke4 h3 61. Ke3 h2 62. Kf2 h1=Q 63. Ke3 Kh3 64. Kd4 g4 65. Ke3 g3
66. Kf4 g2 67. Ke3 g1=Q+ 68. Kf4 Qe1 69. Kf5 Qf3+ 70. Kg5 Qg1+ 71. Kh6 Qfg4 72.
Kh7 Qg7# 0-1

[Event "CAN-op U1800"]
[Site "Regina CAN"]
[Date "2019.07.18"]
[Round "9.50"]
[White "Tran, Tri"]
[Black "Gran, Chris"]
[Result "1/2-1/2"]
[WhiteElo "978"]
[BlackElo "1158"]
[PlyCount "33"]
[EventDate "2019.07.12"]
[EventType "swiss"]
[EventRounds "9"]
[EventCountry "CAN"]

1. d4 Nf6 2. c4 g6 3. Nc3 Bg7 4. Nf3 O-O 5. Bf4 d6 6. e4 c5 7. d5 Bd7 8. Bd3
Re8 9. Qc2 a6 10. O-O Nh5 11. Bd2 e5 12. h3 Bc8 13. Qc1 Nd7 14. Bh6 Rb8 15.
Bxg7 Kxg7 16. Re1 Nf4 17. Bc2 1/2-1/2

[Event "Calgary CC-ch"]
[Site "Calgary CAN"]
[Date "2019.06.18"]
[Round "3"]
[White "Chen, Andrew"]
[Black "Tolentino, Patrick"]
[Result "1-0"]
[WhiteElo "1938"]
[BlackElo "1994"]
[PlyCount "51"]
[EventDate "2019.06.04"]
[EventType "swiss"]
[EventRounds "5"]
[EventCountry "CAN"]

1. e4 g6 2. Nc3 Bg7 3. d3 d6 4. g3 e5 5. Bg2 Ne7 6. Be3 Be6 7. d4 O-O 8. Nge2
Qc8 9. O-O Bh3 10. Qd2 Bxg2 11. Kxg2 Nd7 12. f4 exf4 13. gxf4 f5 14. e5 dxe5
15. fxe5 Nb6 16. Bg5 Nc6 17. h4 Nd8 18. Nf4 Ne6 19. Ncd5 Nxf4+ 20. Nxf4 Re8 21.
h5 h6 22. Nxg6 hxg5 23. Qxg5 Qd8 24. Qxf5 Nd5 25. Rae1 a5 26. h6 1-0

[Event "Calgary CC-ch"]
[Site "Calgary CAN"]
[Date "2019.06.18"]
[Round "3"]
[White "Chen, Helen"]
[Black "Miller, Brian"]
[Result "0-1"]
[WhiteElo "1458"]
[BlackElo "1803"]
[PlyCount "54"]
[EventDate "2019.06.04"]
[EventType "swiss"]
[EventRounds "5"]
[EventCountry "CAN"]

1. e4 c5 2. Nf3 g6 3. d4 cxd4 4. Nxd4 Bg7 5. Nc3 Nc6 6. Be3 Nf6 7. Be2 O-O 8.
O-O d5 9. Bd3 e5 10. Nxc6 bxc6 11. exd5 cxd5 12. Bc5 Re8 13. Bb5 Re6 14. Re1
Bb7 15. f3 a6 16. Ba4 Qc7 17. Ba3 Rd8 18. Bb3 e4 19. Qe2 exf3 20. Qxf3 d4 21.
Qf2 Rxe1+ 22. Rxe1 dxc3 23. Re7 Rd1+ 24. Re1 Rxe1+ 25. Qxe1 Qb6+ 26. Qf2 Qxf2+
27. Kxf2 Ne4+ 0-1

[Event "Calgary CC-ch"]
[Site "Calgary CAN"]
[Date "2019.06.18"]
[Round "3"]
[White "Karmali, Hafiz"]
[Black "Chandra, Anand"]
[Result "0-1"]
[WhiteElo "1941"]
[BlackElo "2009"]
[PlyCount "62"]
[EventDate "2019.06.04"]
[EventType "swiss"]
[EventRounds "5"]
[EventCountry "CAN"]

1. d4 d5 2. c4 e6 3. Nc3 Nf6 4. Bg5 Be7 5. e3 O-O 6. Nf3 b6 7. cxd5 exd5 8. Rc1
Bb7 9. Bd3 Nbd7 10. O-O Re8 11. Re1 c5 12. Bb1 Nf8 13. Ne5 N8d7 14. f4 Nf8 15.
Bf5 a6 16. dxc5 bxc5 17. Qb3 Rb8 18. Rcd1 c4 19. Qc2 Qa5 20. e4 d4 21. Nxc4 Qc5
22. Bxf6 Bxf6 23. Na4 d3+ 24. Nxc5 dxc2 25. Rc1 Bd4+ 26. Kf1 Bxc5 27. Rxc2 g6
28. Bg4 Bxe4 29. Rcc1 Rb4 30. Be2 Ne6 31. a3 Nxf4 0-1

[Event "Calgary CC-ch"]
[Site "Calgary CAN"]
[Date "2019.06.18"]
[Round "3"]
[White "Milne, Arthur"]
[Black "Eslahpazir, Roham"]
[Result "1/2-1/2"]
[WhiteElo "1735"]
[BlackElo "1720"]
[PlyCount "89"]
[EventDate "2019.06.04"]
[EventType "swiss"]
[EventRounds "5"]
[EventCountry "CAN"]

1. f4 d5 2. Nf3 g6 3. d3 Nf6 4. g3 Bg7 5. Bg2 O-O 6. O-O Bg4 7. h3 Bxf3 8. Bxf3
c5 9. Kh2 Nc6 10. c3 e6 11. a4 a6 12. Qe1 e5 13. fxe5 Nxe5 14. Bg2 Re8 15. Bf4
Nxd3 16. Qd2 Nxf4 17. gxf4 Ne4 18. Qd3 c4 19. Qc2 f5 20. Nd2 Rc8 21. Nf3 Nc5
22. Rad1 Nb3 23. Ne5 Rc5 24. Nxc4 Nd4 25. cxd4 Rxc4 26. Qb3 Rxe2 27. Qxb7 Rcc2
28. Rg1 Qd6 29. Kh1 Rxb2 30. Bxd5+ Kh8 31. Qa8+ Bf8 32. Rg2 Kg7 33. Rxe2 Rxe2
34. Bg2 Ra2 35. Qb7+ Kf6 36. Qxh7 Rxa4 37. Qh4+ Kf7 38. Qf2 Bg7 39. d5 Rxf4 40.
Qa7+ Kg8 41. Qa8+ Kh7 42. Qc6 Be5 43. Qxd6 Bxd6 44. Ra1 Rb4 45. Bf1 1/2-1/2

[Event "Calgary CC-ch"]
[Site "Calgary CAN"]
[Date "2019.06.18"]
[Round "3"]
[White "Pathak, Pranav"]
[Black "Haessel, Dale"]
[Result "0-1"]
[WhiteElo "1164"]
[BlackElo "2286"]
[PlyCount "94"]
[EventDate "2019.06.04"]
[EventType "swiss"]
[EventRounds "5"]
[EventCountry "CAN"]

1. e4 e5 2. Nf3 Nc6 3. Bb5 Nf6 4. Nc3 Bc5 5. d3 d6 6. h3 a6 7. Bc4 Na5 8. Bb3
O-O 9. O-O Re8 10. Bg5 Nxb3 11. cxb3 h6 12. Bh4 g5 13. Bg3 b5 14. a3 Be6 15.
Ne2 Nh5 16. Bh2 Bb6 17. d4 f6 18. b4 Kh7 19. b3 Rg8 20. Kh1 Qd7 21. Qd3 Nf4 22.
Nxf4 gxf4 23. Rg1 Qf7 24. Rab1 Qh5 25. Rb2 a5 26. d5 Bd7 27. Ne1 axb4 28. axb4
Ra1 29. Qf3 Qg6 30. Rc2 f5 31. exf5 Bxf5 32. Re2 h5 33. h4 Bg4 34. Qc3 Bxe2 35.
Qxa1 Bxf2 36. Qb2 Bxg1 37. Qxe2 Bxh2 38. Kxh2 Qg3+ 39. Kg1 Qxh4 40. Qe4+ Kh6
41. Nf3 Qg3 42. Qe2 e4 43. Nd4 Qe3+ 44. Qxe3 fxe3 45. Nf5+ Kg5 46. Nxe3 Kf4 47.
Kf2 Rg3 0-1

[Event "Calgary CC-ch"]
[Site "Calgary CAN"]
[Date "2019.06.18"]
[Round "3"]
[White "Vasic, Maxim"]
[Black "Ali, Husain"]
[Result "1-0"]
[WhiteElo "2120"]
[BlackElo "1737"]
[PlyCount "83"]
[EventDate "2019.06.04"]
[EventType "swiss"]
[EventRounds "5"]
[EventCountry "CAN"]

1. d4 d5 2. c4 c6 3. Nf3 Nf6 4. Nc3 e6 5. Bg5 Be7 6. e3 O-O 7. Bd3 Nbd7 8. O-O
h6 9. Bh4 dxc4 10. Bxc4 Nd5 11. Bg3 N7f6 12. h3 Nxc3 13. bxc3 Ne4 14. Qc2 Nxg3
15. fxg3 Bd6 16. g4 b6 17. a4 a6 18. e4 Bb7 19. e5 Be7 20. Rab1 Qc7 21. Qb2 b5
22. Bd3 Rab8 23. Qe2 bxa4 24. h4 c5 25. g5 hxg5 26. Nxg5 Bxg5 27. hxg5 g6 28.
Rf6 Kg7 29. Rbf1 cxd4 30. Qf2 Qe7 31. Qh4 Rh8 32. Rxf7+ Qxf7 33. Rxf7+ Kxf7 34.
Qf4+ Ke7 35. Qf6+ Kd7 36. Qf7+ Kc6 37. Qxe6+ Kc7 38. Qd6+ Kc8 39. Bxg6 Ba8 40.
e6 Rd8 41. Qc5+ Kb7 42. Be4+ 1-0

[Event "Calgary int."]
[Site "Calgary CAN"]
[Date "2019.07.31"]
[Round "1.1"]
[White "Haessel, Dale"]
[Black "Bitan, Banerjee"]
[Result "1/2-1/2"]
[WhiteElo "2148"]
[BlackElo "2423"]
[PlyCount "113"]
[EventDate "2019.07.31"]
[EventType "tourn"]
[EventRounds "10"]
[EventCountry "CAN"]
[EventCategory "1"]
[Source "Mark Crowther"]
[SourceDate "2019.08.05"]

1. d4 Nf6 2. c4 e6 3. Nc3 Bb4 4. e3 O-O 5. Bd3 d5 6. cxd5 exd5 7. Nge2 Re8 8.
O-O Bf8 9. f3 c5 10. Qe1 Nc6 11. Qf2 b6 12. Bd2 Bb7 13. Rac1 Nb4 14. Bb5 Bc6
15. Bxc6 Nxc6 16. dxc5 bxc5 17. Rfd1 c4 18. Nf4 Rb8 19. Be1 d4 20. exd4 Bd6 21.
Qd2 Bxf4 22. Qxf4 Rxb2 23. Bh4 Nd5 24. Qg4 f5 25. Bxd8 fxg4 26. Nxd5 Rxd8 27.
Rxc4 gxf3 28. gxf3 Rxd5 29. Rxc6 Rg5+ 30. Kf1 Rgg2 31. d5 Rxh2 32. Kg1 Rbg2+
33. Kf1 Rxa2 34. Kg1 Rag2+ 35. Kf1 Rf2+ 36. Kg1 Rfg2+ 37. Kf1 Ra2 38. Kg1 Rhg2+
39. Kh1 Rh2+ 40. Kg1 Rag2+ 41. Kf1 Rh1+ 42. Kxg2 Rxd1 43. Ra6 Rxd5 44. Rxa7 Rf5
45. Kg3 g6 46. Kg4 Rf7 47. Ra6 Kg7 48. Rb6 Rd7 49. Ra6 Rd4+ 50. f4 h5+ 51. Kg3
Rd3+ 52. Kg2 h4 53. Rb6 Kf7 54. Rb7+ Kg8 55. Ra7 Rg3+ 56. Kf2 Rb3 57. Kg2
1/2-1/2

[Event "Calgary int."]
[Site "Calgary CAN"]
[Date "2019.07.31"]
[Round "1.2"]
[White "Zhao, Ian"]
[Black "Malek, Omid"]
[Result "1-0"]
[WhiteElo "2198"]
[BlackElo "2141"]
[PlyCount "87"]
[EventDate "2019.07.31"]
[EventType "tourn"]
[EventRounds "10"]
[EventCountry "CAN"]
[EventCategory "1"]
[Source "Mark Crowther"]
[SourceDate "2019.08.05"]

1. e4 e6 2. d4 d5 3. Nd2 c5 4. Ngf3 cxd4 5. Nxd4 Nf6 6. exd5 Qxd5 7. Nb5 Na6 8.
Nc3 Qd6 9. a3 Bd7 10. Qf3 Bc6 11. Qe3 Be7 12. Nc4 Qc7 13. Qg3 Qxg3 14. hxg3 O-O
15. Ne5 Nb8 16. Be3 Rc8 17. O-O-O Be8 18. Be2 Nc6 19. Nc4 Rd8 20. g4 Nd5 21.
Nxd5 exd5 22. Nd2 f6 23. Nf3 a6 24. g5 b5 25. gxf6 Bxf6 26. Bg5 b4 27. Bxf6
gxf6 28. axb4 Nxb4 29. Nd4 a5 30. Bg4 Bg6 31. Be6+ Kh8 32. Rh6 Ra6 33. Rdh1
Nxc2 34. Nxc2 Rxe6 35. Rxg6 Rc8 36. Rgh6 Rc7 37. Kd2 Rb6 38. Rb1 Rc4 39. Rh5
Rbc6 40. Ne3 R4c5 41. Rbh1 d4 42. Nf5 Rc2+ 43. Kd3 Rc7 44. Rxh7+ 1-0

[Event "Calgary int."]
[Site "Calgary CAN"]
[Date "2019.07.31"]
[Round "1.3"]
[White "Bryant, John"]
[Black "Sarkar, Justin"]
[Result "1-0"]
[WhiteElo "2417"]
[BlackElo "2389"]
[PlyCount "115"]
[EventDate "2019.07.31"]
[EventType "tourn"]
[EventRounds "10"]
[EventCountry "CAN"]
[EventCategory "1"]
[Source "Mark Crowther"]
[SourceDate "2019.08.05"]

1. e4 c5 2. Nf3 Nc6 3. c3 d5 4. exd5 Qxd5 5. d4 Bf5 6. Be2 cxd4 7. cxd4 Bxb1 8.
Rxb1 e6 9. O-O Bd6 10. b4 Nf6 11. b5 Ne7 12. Rb3 O-O 13. Bb2 Ng6 14. g3 Rfd8
15. Nd2 Bf8 16. Bf3 Qd7 17. Nc4 Rac8 18. Qe2 Nd5 19. Rd1 Rc7 20. Be4 Qc8 21.
Bxd5 exd5 22. Ne3 Qe6 23. Qf3 Ne7 24. Kg2 f6 25. h4 Qe4 26. h5 Kf7 27. a4 Qxf3+
28. Kxf3 Nc8 29. a5 g6 30. Rh1 Ke6 31. a6 bxa6 32. bxa6 Nb6 33. Bc3 Nc4 34. Re1
Kf7 35. Rb5 Nd6 36. Rb3 Nc4 37. hxg6+ hxg6 38. Nxc4 dxc4 39. Rb5 Rd6 40. Ra1 f5
41. Rb7 Rcd7 42. Ra4 Ke8 43. Rxc4 Rxa6 44. Rc8+ Rd8 45. Rxd8+ Kxd8 46. Rb8+ Kc7
47. Rxf8 Ra3 48. Rf7+ Kb6 49. Rf6+ Kb5 50. Rxg6 Rxc3+ 51. Kf4 a5 52. Rg5 a4 53.
g4 a3 54. gxf5 a2 55. f6+ Kb4 56. Rg1 Ra3 57. f7 Ra8 58. Ke5 1-0

[Event "Calgary int."]
[Site "Calgary CAN"]
[Date "2019.08.01"]
[Round "2.1"]
[White "Haessel, Dale"]
[Black "Zhao, Ian"]
[Result "0-1"]
[WhiteElo "2148"]
[BlackElo "2198"]
[PlyCount "54"]
[EventDate "2019.07.31"]
[EventType "tourn"]
[EventRounds "10"]
[EventCountry "CAN"]
[EventCategory "1"]
[Source "Mark Crowther"]
[SourceDate "2019.08.05"]

1. d4 Nf6 2. Nf3 e6 3. g3 d5 4. Bg2 Be7 5. O-O O-O 6. c4 c6 7. b3 b6 8. Nc3
Nbd7 9. Bb2 Ba6 10. Nd2 b5 11. Qc2 Rc8 12. e4 dxc4 13. bxc4 bxc4 14. Rfd1 Qa5
15. Bf1 Nb6 16. a4 Rfd8 17. Ne2 Bb4 18. Nf4 Bxd2 19. Rxd2 Nxe4 20. Rdd1 Nd6 21.
Bh3 Nd5 22. Bc1 Rb8 23. Nh5 Nc3 24. d5 Nxd1 25. Qxd1 Qxd5 26. Qg4 Ne8 27. Bg5
Qd4 0-1

[Event "Calgary int."]
[Site "Calgary CAN"]
[Date "2019.08.01"]
[Round "2.2"]
[White "Malek, Omid"]
[Black "Bryant, John"]
[Result "0-1"]
[WhiteElo "2141"]
[BlackElo "2417"]
[PlyCount "88"]
[EventDate "2019.07.31"]
[EventType "tourn"]
[EventRounds "10"]
[EventCountry "CAN"]
[EventCategory "1"]
[Source "Mark Crowther"]
[SourceDate "2019.08.05"]

1. d4 g6 2. e4 Bg7 3. Nc3 d6 4. f4 Nf6 5. Nf3 c5 6. d5 O-O 7. Bd3 e6 8. dxe6
fxe6 9. O-O Nc6 10. Qe1 Nb4 11. Qd1 Nc6 12. Rb1 Qb6 13. Na4 Qc7 14. a3 b5 15.
Nc3 a6 16. Kh1 Bd7 17. Bd2 Rae8 18. b4 Nh5 19. Qc1 cxb4 20. axb4 Rc8 21. Ne2
Qb7 22. Qa3 Kh8 23. Qb3 Nd8 24. Rbe1 Qb6 25. Ng5 e5 26. fxe5 dxe5 27. Rxf8+
Bxf8 28. Qd5 Qd6 29. Bc3 Qxd5 30. exd5 Bg7 31. Rf1 Bg4 32. Ne4 Bxe2 33. Bxe2
Nf4 34. Bf3 Nxd5 35. Rd1 Nxc3 36. Nxc3 Ne6 37. Bg4 Rxc3 38. Bxe6 Bf8 39. g4 h6
40. Rd8 Kg7 41. Bc8 Be7 42. Re8 Kf7 43. Rh8 Bf6 44. Rh7+ Kg8 0-1

[Event "Calgary int."]
[Site "Calgary CAN"]
[Date "2019.08.01"]
[Round "2.3"]
[White "Bitan, Banerjee"]
[Black "Sarkar, Justin"]
[Result "0-1"]
[WhiteElo "2423"]
[BlackElo "2389"]
[PlyCount "48"]
[EventDate "2019.07.31"]
[EventType "tourn"]
[EventRounds "10"]
[EventCountry "CAN"]
[EventCategory "1"]
[Source "Mark Crowther"]
[SourceDate "2019.08.05"]

1. d4 d5 2. c4 dxc4 3. e4 e5 4. Nf3 exd4 5. Bxc4 Nc6 6. O-O Bc5 7. Nbd2 Bb6 8.
e5 Nge7 9. b4 O-O 10. Ne4 Bg4 11. Bg5 Nxe5 12. Nxe5 Bxd1 13. Raxd1 h6 14. Bh4
g5 15. Bg3 Kg7 16. f4 Nd5 17. fxg5 hxg5 18. Bxd5 Qxd5 19. Nf6 Qxa2 20. Rf5 d3+
21. Kh1 Qe6 22. Rdf1 Qxf5 23. Rxf5 d2 24. Nh5+ Kh6 0-1

[Event "Calgary int."]
[Site "Calgary CAN"]
[Date "2019.08.01"]
[Round "3.1"]
[White "Bryant, John"]
[Black "Haessel, Dale"]
[Result "1-0"]
[WhiteElo "2417"]
[BlackElo "2148"]
[PlyCount "59"]
[EventDate "2019.07.31"]
[EventType "tourn"]
[EventRounds "10"]
[EventCountry "CAN"]
[EventCategory "1"]
[Source "Mark Crowther"]
[SourceDate "2019.08.05"]

1. e4 e5 2. Nf3 Nc6 3. d4 exd4 4. Nxd4 Bc5 5. Nb3 Bb6 6. Nc3 Nge7 7. Bg5 d6 8.
Qd2 Be6 9. O-O-O f6 10. Bh4 a5 11. Bb5 O-O 12. Kb1 Ne5 13. f3 c6 14. Be2 Bc7
15. Nd4 Bf7 16. g4 b5 17. f4 Nc4 18. Bxc4 Bxc4 19. g5 Ng6 20. Bg3 fxg5 21. Nxc6
Qe8 22. f5 Qxc6 23. fxg6 h6 24. h4 gxh4 25. Bxh4 Rae8 26. Bg5 Qd7 27. Bxh6 gxh6
28. Rxh6 Bd8 29. Rh7 Qg4 30. Qh6 1-0

[Event "Calgary int."]
[Site "Calgary CAN"]
[Date "2019.08.01"]
[Round "3.2"]
[White "Zhao, Ian"]
[Black "Bitan, Banerjee"]
[Result "1/2-1/2"]
[WhiteElo "2198"]
[BlackElo "2423"]
[PlyCount "59"]
[EventDate "2019.07.31"]
[EventType "tourn"]
[EventRounds "10"]
[EventCountry "CAN"]
[EventCategory "1"]
[Source "Mark Crowther"]
[SourceDate "2019.08.05"]

1. e4 c5 2. Nf3 d6 3. d4 cxd4 4. Nxd4 Nf6 5. Nc3 a6 6. h3 e5 7. Nde2 h5 8. g3
Be6 9. Bg2 Nbd7 10. O-O b5 11. a4 b4 12. Nd5 Bxd5 13. exd5 g6 14. Bg5 Be7 15.
f4 Qb6+ 16. Kh1 Ng4 17. Bxe7 Kxe7 18. Qd2 Qe3 19. Qe1 Rac8 20. Rf3 Qc5 21. c3
bxc3 22. Nxc3 f5 23. Rd1 Kd8 24. Ne2 Qb6 25. a5 Qxb2 26. Rb1 Qa2 27. Ra1 Qb2
28. Rb1 Qa2 29. Ra1 Qb2 30. Rb1 1/2-1/2

[Event "Calgary int."]
[Site "Calgary CAN"]
[Date "2019.08.01"]
[Round "3.3"]
[White "Sarkar, Justin"]
[Black "Malek, Omid"]
[Result "1-0"]
[WhiteElo "2389"]
[BlackElo "2141"]
[PlyCount "77"]
[EventDate "2019.07.31"]
[EventType "tourn"]
[EventRounds "10"]
[EventCountry "CAN"]
[EventCategory "1"]
[Source "Mark Crowther"]
[SourceDate "2019.08.05"]

1. d4 Nf6 2. c4 e6 3. Nc3 Bb4 4. e3 b6 5. a3 Bxc3+ 6. bxc3 Bb7 7. Ne2 O-O 8.
Ng3 d6 9. Bd3 e5 10. e4 Nc6 11. Be3 Ne7 12. O-O Ng6 13. f3 Re8 14. Qd2 Bc6 15.
Nf5 Bd7 16. g4 Kh8 17. h4 Ne7 18. Ng3 Nfg8 19. Kg2 Qc8 20. h5 f6 21. Nf5 Nxf5
22. gxf5 Ne7 23. Rh1 Nxf5 24. exf5 Bxf5 25. Rh4 Be6 26. Re1 f5 27. h6 gxh6 28.
Bxh6 Rg8+ 29. Kf2 Qd7 30. d5 Bf7 31. Bg5 Rg6 32. Reh1 Bg8 33. Rh6 Kg7 34. Rxg6+
hxg6 35. Kg1 Qa4 36. Qh2 Qe8 37. Qh8+ Kf8 38. Rh7 Qf7 39. Rh1 1-0

[Event "Calgary int."]
[Site "Calgary CAN"]
[Date "2019.08.02"]
[Round "4.1"]
[White "Haessel, Dale"]
[Black "Sarkar, Justin"]
[Result "1/2-1/2"]
[WhiteElo "2148"]
[BlackElo "2389"]
[PlyCount "49"]
[EventDate "2019.07.31"]
[EventType "tourn"]
[EventRounds "10"]
[EventCountry "CAN"]
[EventCategory "1"]
[Source "Mark Crowther"]
[SourceDate "2019.08.05"]

1. d4 Nf6 2. c4 e6 3. Nc3 Bb4 4. e3 O-O 5. Bd3 Re8 6. Nge2 c6 7. O-O d5 8. e4
dxe4 9. Nxe4 Nxe4 10. Bxe4 Bd6 11. Qc2 g6 12. Rd1 Nd7 13. Nc3 f5 14. Bf3 e5 15.
c5 Bc7 16. d5 e4 17. Be2 Be5 18. f4 exf3 19. Bxf3 Bxh2+ 20. Kxh2 Qh4+ 21. Kg1
Re1+ 22. Rxe1 Qxe1+ 23. Kh2 Qh4+ 24. Kg1 Qe1+ 25. Kh2 1/2-1/2

[Event "Calgary int."]
[Site "Calgary CAN"]
[Date "2019.08.02"]
[Round "4.2"]
[White "Bitan, Banerjee"]
[Black "Malek, Omid"]
[Result "1-0"]
[WhiteElo "2423"]
[BlackElo "2141"]
[PlyCount "59"]
[EventDate "2019.07.31"]
[EventType "tourn"]
[EventRounds "10"]
[EventCountry "CAN"]
[EventCategory "1"]
[Source "Mark Crowther"]
[SourceDate "2019.08.05"]

1. d4 d5 2. c4 e6 3. Nc3 Be7 4. Nf3 Nf6 5. Bg5 Nbd7 6. e3 O-O 7. cxd5 exd5 8.
Bd3 h6 9. Bh4 b6 10. O-O Bb7 11. Qc2 c5 12. Bf5 c4 13. Rad1 Ne8 14. Bxe7 Qxe7
15. e4 dxe4 16. Bxe4 Ndf6 17. Rfe1 Nxe4 18. Nxe4 Qc7 19. Ne5 Rc8 20. Re3 Bxe4
21. Qxe4 Nd6 22. Qf4 Kh7 23. Rde1 f6 24. Ng4 Rfe8 25. h4 b5 26. h5 b4 27. Nxf6+
gxf6 28. Qxf6 Qg7 29. Re7 Nf7 30. Qf5+ 1-0

[Event "Calgary int."]
[Site "Calgary CAN"]
[Date "2019.08.02"]
[Round "4.3"]
[White "Zhao, Ian"]
[Black "Bryant, John"]
[Result "1-0"]
[WhiteElo "2198"]
[BlackElo "2417"]
[PlyCount "101"]
[EventDate "2019.07.31"]
[EventType "tourn"]
[EventRounds "10"]
[EventCountry "CAN"]
[EventCategory "1"]
[Source "Mark Crowther"]
[SourceDate "2019.08.05"]

1. e4 c5 2. Nf3 d6 3. d4 cxd4 4. Nxd4 Nf6 5. Nc3 a6 6. h3 e5 7. Nde2 h5 8. g3
Be6 9. Bg2 Nbd7 10. O-O b5 11. Be3 Rc8 12. Nd5 Nxd5 13. exd5 Bf5 14. c3 Nc5 15.
a4 Nxa4 16. b3 Nc5 17. Bxc5 Rxc5 18. Rxa6 g6 19. Re1 Be7 20. Rc6 O-O 21. Nc1
Rxc6 22. dxc6 Qa5 23. Qd2 Be6 24. h4 Rc8 25. Qb2 d5 26. Rxe5 Rxc6 27. Ne2 Bf6
28. Re3 Qc7 29. Qd2 b4 30. cxb4 Rc2 31. Qd3 Bf5 32. Qxd5 Kg7 33. Be4 Bxe4 34.
Qxe4 Rd2 35. Nf4 Rd4 36. Qxg6+ fxg6 37. Ne6+ Kf7 38. Nxc7 Be7 39. Rf3+ Kg8 40.
b5 Rd6 41. Rc3 Bd8 42. Na6 Kf7 43. Rc6 Rd5 44. Nc5 Be7 45. b4 Rd4 46. Na6 Rd5
47. Rb6 Rd4 48. Rb7 Kf6 49. b6 Bxb4 50. Rc7 Ba5 51. Rc6+ 1-0

[Event "Calgary int."]
[Site "Calgary CAN"]
[Date "2019.08.02"]
[Round "5.1"]
[White "Malek, Omid"]
[Black "Haessel, Dale"]
[Result "0-1"]
[WhiteElo "2141"]
[BlackElo "2148"]
[PlyCount "86"]
[EventDate "2019.07.31"]
[EventType "tourn"]
[EventRounds "10"]
[EventCountry "CAN"]
[EventCategory "1"]
[Source "Mark Crowther"]
[SourceDate "2019.08.05"]

1. d4 Nf6 2. c4 g6 3. g3 c6 4. Bg2 d5 5. Qa4 Nfd7 6. cxd5 Nb6 7. Qd1 cxd5 8.
Nf3 Nc6 9. O-O Bg7 10. Nc3 O-O 11. h3 Bd7 12. e3 a5 13. b3 Re8 14. Ba3 Nb4 15.
Ne1 e5 16. Bb2 exd4 17. exd4 a4 18. g4 a3 19. Bc1 Qc7 20. Ne2 Bb5 21. Bf3 Qe7
22. Be3 Rac8 23. Kg2 f5 24. Rh1 Bxe2 25. Bxe2 f4 26. Bd2 Bxd4 27. Bxb4 Qxb4 28.
Nd3 Qe7 29. Bf3 Bxa1 30. Qxa1 Qg7 31. Qf1 Qd4 32. Qb1 Rc3 33. Rd1 Rec8 34. Ne1
Qc5 35. Nd3 Qd4 36. Ne1 Qe5 37. b4 Qc7 38. Nd3 Qc4 39. Ne5 Qc7 40. Bxd5+ Kg7
41. Qe4 Re8 42. Re1 f3+ 43. Kg3 Nd7 0-1

[Event "Calgary int."]
[Site "Calgary CAN"]
[Date "2019.08.02"]
[Round "5.2"]
[White "Sarkar, Justin"]
[Black "Zhao, Ian"]
[Result "0-1"]
[WhiteElo "2389"]
[BlackElo "2198"]
[PlyCount "78"]
[EventDate "2019.07.31"]
[EventType "tourn"]
[EventRounds "10"]
[EventCountry "CAN"]
[EventCategory "1"]
[Source "Mark Crowther"]
[SourceDate "2019.08.05"]

1. e4 e5 2. Nf3 Nc6 3. Bb5 a6 4. Ba4 Nf6 5. O-O Be7 6. Re1 b5 7. Bb3 d6 8. a4
Bg4 9. c3 O-O 10. h3 Bh5 11. d3 Na5 12. Bc2 c5 13. Nbd2 b4 14. cxb4 cxb4 15. g4
Bg6 16. Nf1 Re8 17. Ne3 Rc8 18. Bd2 Qb6 19. h4 h5 20. g5 Ng4 21. Re2 Nxe3 22.
Bxe3 Qb7 23. Nd2 d5 24. f3 dxe4 25. dxe4 Red8 26. Qb1 b3 27. Bd3 Rc6 28. Rg2
Bb4 29. Nf1 Nc4 30. Bxc4 Rxc4 31. Ng3 Qc6 32. a5 Bc5 33. Qe1 Rd3 34. Re2 Bxe3+
35. Rxe3 Qc5 36. Nf1 Qd4 37. Rb1 Rc2 38. Kh1 Qd7 39. Rxd3 Qh3+ 0-1

[Event "Calgary int."]
[Site "Calgary CAN"]
[Date "2019.08.02"]
[Round "5.3"]
[White "Bryant, John"]
[Black "Bitan, Banerjee"]
[Result "1-0"]
[WhiteElo "2417"]
[BlackElo "2423"]
[PlyCount "109"]
[EventDate "2019.07.31"]
[EventType "tourn"]
[EventRounds "10"]
[EventCountry "CAN"]
[EventCategory "1"]
[Source "Mark Crowther"]
[SourceDate "2019.08.05"]

1. e4 e6 2. d4 d5 3. Nd2 Nf6 4. e5 Nfd7 5. f4 c5 6. c3 Nc6 7. Ndf3 cxd4 8. cxd4
a5 9. Bd3 a4 10. Ne2 Nb6 11. Nc3 Bd7 12. O-O Be7 13. a3 Na5 14. Bc2 Nac4 15.
Ne1 g6 16. Rf3 Bc6 17. Nd3 Qd7 18. g4 f5 19. exf6 Bxf6 20. Nc5 Qe7 21. N3xa4
Nxa4 22. Bxa4 Bxa4 23. Nxa4 O-O 24. Nc3 Qg7 25. Rd3 Be7 26. Qe2 Qf7 27. b3 Nxa3
28. Be3 Bd6 29. Rf1 Qc7 30. f5 exf5 31. Bh6 Rfe8 32. Qg2 Re4 33. Nxd5 Qf7 34.
gxf5 Qxd5 35. fxg6 Bxh2+ 36. Kh1 Bg3 37. gxh7+ Kxh7 38. Bf4 Qh5+ 39. Kg1 Rxf4
40. Rxf4 Bxf4 41. Rh3 Qxh3 42. Qxh3+ Bh6 43. d5 Rg8+ 44. Kh1 Rg6 45. Qf5 Bg5
46. d6 Nb5 47. Qxb5 Rxd6 48. Qxb7+ Kg6 49. b4 Bd8 50. Qb8 Rd1+ 51. Kg2 Kf7 52.
b5 Be7 53. Qf4+ Ke8 54. b6 Bd6 55. Qa4+ 1-0

[Event "Calgary int."]
[Site "Calgary CAN"]
[Date "2019.08.03"]
[Round "6.1"]
[White "Bitan, Banerjee"]
[Black "Haessel, Dale"]
[Result "1-0"]
[WhiteElo "2423"]
[BlackElo "2148"]
[PlyCount "133"]
[EventDate "2019.07.31"]
[EventType "tourn"]
[EventRounds "10"]
[EventCountry "CAN"]
[EventCategory "1"]
[Source "Mark Crowther"]
[SourceDate "2019.08.05"]

1. Nf3 Nf6 2. c4 g6 3. Nc3 d5 4. cxd5 Nxd5 5. Qa4+ Nc6 6. Ne5 Qd6 7. Nxc6 Qxc6
8. Qd4 Nf6 9. e4 Qd7 10. Qxd7+ Nxd7 11. d4 c6 12. a4 Bg7 13. Be3 a5 14. Bc4 O-O
15. O-O b6 16. Rfd1 Ba6 17. Bxa6 Rxa6 18. Rac1 f5 19. d5 c5 20. Bg5 Bf6 21.
Bxf6 Rxf6 22. Re1 Ne5 23. Rcd1 f4 24. Nb5 g5 25. b3 Ra8 26. Na3 f3 27. Nc4 Nxc4
28. bxc4 fxg2 29. Kxg2 e5 30. dxe6 Rxe6 31. Rd5 h6 32. f3 Rf8 33. h3 Kg7 34.
Red1 Kf6 35. Kg3 Kg6 36. R1d3 h5 37. Rd6 Rff6 38. Rxe6 Rxe6 39. h4 g4 40. Rd5
gxf3 41. Rg5+ Kh6 42. Kxf3 Rf6+ 43. Rf5 Rd6 44. e5 Rd3+ 45. Ke4 Rd4+ 46. Ke3
Kg6 47. Rf6+ Kg7 48. Rf4 Rd1 49. Ke4 Ra1 50. e6 Rxa4 51. e7 Ra1 52. e8=N+ Kg6
53. Kd3 Rb1 54. Nc7 a4 55. Kc2 Rb3 56. Nd5 b5 57. cxb5 Rxb5 58. Rxa4 Kf5 59.
Kd3 Rb1 60. Ne3+ Ke5 61. Re4+ Kf6 62. Kc4 Rb4+ 63. Kd5 Kg6 64. Ke5 Rxe4+ 65.
Kxe4 Kg7 66. Nf5+ Kf6 67. Ng3 1-0